00959nas a2200253Ia 4500001002800000003001000028005001700038008004100055040002500096041000700121100003800128245004100166250005200207260000900259300001500268500008900283650002000372654001200392700006200404942001200466999001900478999000700497952020100504A04/R039-20643 [r000019799]IT-MiCISF20251028192926.0161014c99999999xx |||||||||||| ||und|| aIT-MiCISFcIT-MiCISF ait aCampanini Giorgio (et al.)962284 0aValori, orientamenti e stili di vita a"Studi interdisciplinari sulla famiglia", n. 16 c1997 app. 97-242 a giovane-adulto, famiglia-lunga, differenza-sessuale, valori, consumi, stile-di-vita aEtà-evolutiva adossier aBoccacin L., Vinci M., Mora E., Mion R., Moro A.C.962718 cCR2ddc c230037d230037 bSi 0010406A_04_000000000000000_R03920643_R00001979971aCISFbCISFd2016-10-14l0oA04/R039-20643 [r000019799]r2016-10-14 00:00:00w2016-10-14yCRzData import 15.10.2016 / by Epidotti, Vaglietti